| 000 | 00346 a2200145 4500 | ||
|---|---|---|---|
| 001 | 176310 | ||
| 020 | _a | ||
| 040 | _cMagnum | ||
| 100 | _aCarvalho, Andre | ||
| 240 | 1 | 0 |
_aTusuca e laurinha no pais das aguas doces _lpor |
| 245 | 1 | 0 | _aTusuca e laurinha no pais das aguas doces |
| 362 | 0 | _a1899 | |
| 697 | _aMAGNITO: J/AVENTURA | ||
| 942 | _cBK | ||
| 999 |
_c176310 _d176310 |
||